| 000 | 01800nam0a2200397 4500 | ||
|---|---|---|---|
| 001 | RU\NLR\bibl\55907 | ||
| 005 | 20260406115653.0 | ||
| 010 |
_a5-210-01504-1 _92500 |
||
| 021 |
_aRU _b1999-9733 _9473 |
||
| 035 | _a(NLR Aleph) 000054516 | ||
| 090 |
_a293921 _c293921 |
||
| 100 | _a19991029d1999 |||y0rusy50 ca | ||
| 101 | 0 | _arus | |
| 102 | _aRU | ||
| 105 | _aa ||||||||| | ||
| 200 | 1 |
_aПушкин и его современники _eИзбр. тр. (1898-1928) _fБ.Л. Модзалевский _g[Сост. и прим. А.Ю. Балакина _gРед. Н.Г. Николаюк] |
|
| 210 |
_aСПб. _cИскусство-СПБ _d1999 |
||
| 215 |
_a575, [1] с. _cпортр. _d22 |
||
| 300 | _aНа авантит.: 200 лет со дня рождения А.С. Пушкина. 125 лет со дня рождения Б.Л. Модзалевского | ||
| 320 | _aБиблиогр. в прим.: с. 560-566 и в подстроч. прим. | ||
| 320 | _aУказ. имен: с. 567-575 | ||
| 600 | 1 |
_aПушкин _bА.С. _f1799 - 1837 _gАлександр Сергеевич _91155086 _3RU\NLR\auth\66143362 |
|
| 686 | _aШ5(2=Р)51-4Пушкиня44 | ||
| 700 | 1 |
_4070 _7ca _8rus _aМодзалевский _bБ. Л. _f1874-1928 _gБорис Львович _931406 _3RU\NLR\auth\7748471 |
|
| 702 | 1 |
_4570 _7ca _8rus _aПушкин _bА. С. _cпоэт _f1799-1837 _gАлександр Сергеевич _9110441 _3RU\NLR\AUTH\77386 |
|
| 702 | 1 |
_aБалакин _bА. Ю. _4220 |
|
| 702 | 1 |
_aНиколаюк _bН. Г. _4340 |
|
| 801 | 0 |
_aRU _bNLR _c19991029 _gPSBO |
|
| 801 | 1 |
_aRU _bNLR _c19991029 |
|
| 852 |
_aNLR _j99-5/3320 |
||
| 942 | _cBOOK | ||
| 980 | _aNB | ||